000 02017cam a22004694i 4500
003 PE-LiUPU
005 20250731173229.0
008 150625s1973 sp r 000 0 spa d
035 _a(Sirsi) a34446
040 _aPE-LiUPU
_bspa
_cPE-LiUPU
_erda
049 _aPRUA
082 0 4 _a230.01
_bH22
_221
100 1 _aHäring, Bernhard,
_eautor.
245 1 3 _aLa Ley de Cristo :
_bla teología moral expuesta a sacerdotes y seglares, vida en comunión con Dios y con el prójimo.
_n2 /
_cBernhard Häring ; [Versión de Juan de la Cruz Salazar (C.S.S.R.)].
264 1 _aBarcelona :
_bEditorial Herder,
_c1973.
300 _a487 páginas ;
_c21 centímetros.
336 _atext
_2rdacontent
337 _aunmediated
_2rdamedia
338 _avolume
_2rdacarrier
490 0 _aBiblioteca Herder: Sección de Teología y Filosofía ;
_v34*
505 0 _aVida en comunión con Dios -- La virtud de la religión -- Vida en fraterna comunión con el prójimo.
526 _aSEG42
526 _aSEG41
526 _aSEG40
526 _aSEG39
526 _aP94
526 _aP87
526 _aP86
526 _aP85
526 _aP77
526 _aP76
526 _aP35
650 0 4 _aMoral cristiana.
_93843
942 _2ddc
_cBOOK
949 _a230.01 H22 2
_wDEWEY
_c1
_i37089
_lCCODEBUL1
_mBUL
_p00.00
_r0
_sY
_tBOOK
_u2015-06-25
_xBIBLIOTECA
_PP35
_0COMPRA
_o.STAFF. Colección General
949 _a230.01 H22 2
_wDEWEY
_c2
_i11158
_lCCODEBUL1
_mBUL
_p00.00
_r0
_sY
_tBOOK
_u2015-06-25
_xTEOLOGIA
_zUNKNOWN
_0COMPRA
_o.STAFF. Colección General
596 _a1
999 _a230.01 H22 2
_wDEWEY
_c42303
_i37089
_f2021-11-11
_g6
_lCCODEBUL1
_mBUL
_r0
_sY
_tBOOK
_u2015-6-25
_xTEOLOGIA
_PP35
_0COMPRA
_o.STAFF. Colección General
_d42303
999 _a230.01 H22 2
_wDEWEY
_c2
_i11158
_d2017-5-25
_e2017-5-23
_f2021-11-11
_g6
_lCCODEBUL1
_mBUL
_n2
_p20.00
_r0
_sY
_tBOOK
_u2015-6-25
_xTEOLOGIA
_PP35
_0COMPRA
_o.STAFF. Colección Teología
980 _81
_gALBERTO SANCHEZ Responsable de Automatización